Normal view MARC view
  • Shapiro, Roger L.

Entry Nombre Personal

Number of records used in: 1

001 - NUMERO DE CONTROL

  • campo de control: 44242

003 - IDENTIFICADOR DE NUMERO DE CONTROL

  • campo de control: UPN

005 - FECHA Y HORA DE LA ÜLTIMA TRANSACCIÓN

  • campo de control: 20220427113557.0

008 - DATOS DE LONGITUD FIJA

  • campo de control de longitud fija: 220411|||az|||aaan a aaa d

040 ## - FUENTE DE CATALOGACIÓN

  • Agencia original de catalogación: MX-MxUPN
  • Lenguaje de catalogación: spa
  • Agencia de transcripción: MX-MxUPN

100 1# - ENCABEZAMIENTO - NOMBRE PERSONAL

  • Nombre personal: Shapiro, Roger L.

375 ## - GÉNERO

  • Gender: masculino

377 ## - LENGUA ASOCIADA

  • Language code: eng

400 1# - VEÁSE - NOMBRE DE PERSONA

  • Personal name: Shapiro, R. L.

670 ## - FUENTE EN LA QUE SE LOCALIZARON DATOS

  • Cita de la fuente: En la obra: El adolescente y su familia, 1969:
  • Información localizada: portada (R. L. Shapiro) página 33 (Roger L. Shapiro)

902 ## - CATALOGADOR

  • Catalogador: NDAF/220427